Stations opened by WYPTE Quiz Stats

Quiz not verified by Sporcle

Challenge
Share
Tweet
Embed
Score 0/21 Timer 10:00
0 Plays Today
Year Station % Correct
1984Saltaire
82.6%
1988Outwood
78.3%
1987East Garforth
73.9%
1990Steeton & Silsden
69.6%
1987Frizinghall
69.6%
1982Deighton
65.2%
1988Cottingley
65.2%
2005Glasshoughton
65.2%
1973Baildon
63.6%
1988Burley Park
60.9%
1992Pontefract Tanshelf
60.9%
Year Station % Correct
2000Brighouse
60.9%
1982Crossflatts
52.2%
1982Slaithwaite
52.2%
1983Bramley
52.2%
1990Walsden
52.2%
1987Sandal & Agbrigg
52.2%
1982Fitzwilliam
43.5%
1992Featherstone
43.5%
1989Berry Brow
39.1%
1992Streethouse
30.4%

You're not logged in!

Compare scores with friends on all Sporcle quizzes.
Join for Free
OR
Log In

You Might Also Like...

Show Comments

Extras

Top Quizzes Today


Score Distribution

Your Account Isn't Verified!

In order to create a playlist on Sporcle, you need to verify the email address you used during registration. Go to your Sporcle Settings to finish the process.

Report this User

Report this user for behavior that violates our Community Guidelines.

Details: